[Event "St Petersburg-ch 78th"]
[Site "St Petersburg"]
[Date "2005.03.25"]
[Round "9"]
[White "Yemelin, Vasily"]
[Black "Solovjov, Sergey"]
[Result "1/2-1/2"]
[WhiteElo "2555"]
[BlackElo "2456"]
[Annotator "Rogozenco,D"]
[PlyCount "46"]
[EventDate "2005.03.17"]
[EventType "tourn"]
[EventRounds "11"]
[EventCountry "RUS"]
[EventCategory "10"]
[SourceTitle "CBM 106"]
[Source "ChessBase"]
[SourceDate "2005.06.06"]
[SourceVersion "1"]
[SourceVersionDate "2005.06.06"]
[SourceQuality "1"]

1. e4 c5 2. Nf3 d6 3. d4 cxd4 4. Nxd4 Nf6 5. Nc3 g6 6. Be3 Bg7 7. f3 O-O 8. Qd2
Nc6 9. g4 Be6 {The approved method of play. However, Black's task here is not
that simple.} (9... Nxd4 $6 10. Bxd4 Be6 11. h4 $1 {Of course White can also
castle long, which transposes to another theoretical variation, but starting
the attack immediately is even stronger.} Qa5 (11... d5 12. g5 Nh5 13. Bxg7
Nxg7 14. exd5 $18) 12. h5 $16) (9... h5 $5) (9... e5 $5 10. Nb3 a5 11. Bb5 Be6
12. O-O-O Bxb3 13. axb3 Nd4 14. Bxd4 exd4 15. Qxd4 Nxg4 16. Qxd6 Qg5+ 17. Qd2 (
17. Kb1 Bxc3 $1 18. Rd5 (18. bxc3 Qxb5 19. fxg4 a4 $44) 18... Qe3 19. Rd3 Qe2
20. Rxc3 Qxb5 21. fxg4 a4 22. b4 Rad8 23. Qc5 Qe2 $132) 17... Bh6 18. Qxg5
Bxg5+ 19. Kb1 Nf2 20. Rd5 Nxh1 21. Rxg5 Nf2 $1 (21... Rad8 22. Nd5 h6 23. Rg2
$16) 22. Nd5 h6 23. Rg3 (23. Rg2 Nh3) 23... Rfd8 24. h4 Kf8 25. Rg2 Nh3 26. Rg3
Nf2 27. Rg2 {1/2-1/2 Jobe,T-Ceteras,M/IECC email 2002}) 10. Nxe6 ({Now after} 
10. h4 {Black has a counter strike in the center:} d5 $1 $132) (10. O-O-O Nxd4
(10... Ne5 11. h4) 11. Bxd4 Qa5 {[%cal Gf8c8,Ga8b8] is approximately equal.})
10... fxe6 {White doubled opponent's pawns and also has the bishops pair.
Black's position is considered healthy though: the pawn on e6 controls
important square d5 and the rook f8 has already an open file.} 11. O-O-O (11.
Bc4 Qc8 $11 (11... d5 12. exd5 Ne5 13. Be2 Nxd5 $14 {/=})) 11... Ne5 (11... Rc8
12. Bc4 $1) 12. Be2 Qc8 (12... Rc8 13. h4 $14 (13. Nb5 $13)) (12... Qa5 $5 13.
h4 $140 (13. g5 $5) 13... b5 $1 $132) 13. Bh6 ({Also good is} 13. h4) 13... Nc4
(13... Bxh6 14. Qxh6 Qc5 15. h4 Kh8 16. Qd2 (16. h5 $4 g5 $1 $19 {[%csl Rh6]
[%cal Gf8g8,Ge5f7]} 17. Qxg5 Nd3+) 16... Rac8 17. Kb1 $14) 14. Bxc4 Qxc4 15.
Bxg7 Kxg7 16. h4 b5 17. Kb1 Rac8 (17... Rfc8 18. h5 a5 19. Ne2 b4 20. hxg6 hxg6
21. Nf4 e5 22. Nd5 $18 {1-0 Sharapov,E-Dumchikov,V/Kharkov 2002 (27)}) 18. h5
$40 Kf7 19. e5 $1 dxe5 20. Ne4 {The Irish pawns control lots of squares in the
center, but it's a little consolation for Black anyway - his kingside is too
weak.} Nxe4 21. hxg6+ hxg6 22. Rh7+ $2 ({White keeps good attacking prospects
after} 22. fxe4 $16 {For instance:} Rh8 23. Qf2+ Kg7 24. Rxh8 Rxh8 25. Rf1 Qxe4
26. Qf7+ Kh6 27. Rg1 Qe3 (27... g5 28. Rf1 $18) 28. g5+ Kh5 29. Qf1 Rd8 30. Rg2
$18) 22... Kg8 23. Rh8+ Kf7 ({Obviously not} 23... Kxh8 $4 24. Qh6+ Kg8 25.
Qxg6+ Kh8 26. Rh1#) ({After} 23... Kf7 {White could still play on:} 24. Rxf8+
Kxf8 25. fxe4 Qxe4 $13 26. Rf1+ Kg7 27. Qf2 Qf4 28. Qe2 {with some initiative
because of a safer king on b1.}) 1/2-1/2

[Event "Bundesliga 0203"]
[Site "Germany"]
[Date "2003.02.09"]
[Round "11.3"]
[White "Jenni, Florian"]
[Black "Berndt, Stephan"]
[Result "1/2-1/2"]
[WhiteElo "2483"]
[BlackElo "2482"]
[Annotator "Rogozenco,D"]
[PlyCount "60"]
[EventDate "2002.10.19"]
[EventType "team-tourn"]
[EventRounds "15"]
[EventCountry "GER"]
[SourceTitle "CBM 094"]
[Source "ChessBase"]
[SourceDate "2003.05.26"]
[SourceVersion "1"]
[SourceVersionDate "2003.05.26"]
[SourceQuality "1"]
[WhiteTeam "Stuttgart"]
[BlackTeam "Neukoelln"]
[WhiteTeamCountry "GER"]
[BlackTeamCountry "GER"]

1. e4 c5 2. Nf3 d6 3. d4 cxd4 4. Nxd4 Nf6 5. Nc3 g6 6. Be3 Bg7 7. f3 O-O 8. Qd2
Nc6 9. O-O-O d5 10. Kb1 (10. exd5 {Is most principled continuation.}) 10... Rb8
{An interesting move, which is not even mentioned in many theoretical sources 
(such as last version of ECO, to name one). It appeared in the practice in
years 1994-1995. The move 10...Rb8 always looked a bit strange to me for the
following reasons: the pawn is still on b7, and it won't be simple for Black
to play b7-b5. Of course in case of Nd4xc6 the b-file will be open, but 11.
Nxc6 is "too cooperative". Also the pawn on a7 is left without protection now,
a factor which White can exploit. However, White didn't find yet in the
practice a very clear way for advantage.} (10... Nxd4 11. e5 Nf5 12. exf6 Bxf6
13. Nxd5 Qxd5 14. Qxd5 Nxe3 15. Qd2 Nxd1 16. Qxd1 {is the main line, leading
to interesting positions.}) 11. Nb3 {Strongest reply, which leads to
apparently a slightly better endgame, thanks to White's pawn majority on the
queenside. But things are not so simple - those pawns are difficult to advance
and Black has sufficient counterplay in endgame too.} dxe4 12. Qxd8 Rxd8 13.
Rxd8+ Nxd8 14. Bxa7 Ra8 15. Bb6 Bf5 16. Bb5 (16. Be2 {is another move.} Nc6 $13
) (16. g4 {brings nothing:} Be6 17. g5 Nd5) 16... exf3 17. gxf3 Nc6 $5 $146 (
17... Ne6 18. Rd1 (18. a4 Ng5 19. Rf1 e5 20. a5 Bf8 21. h4 Ne6 22. Re1 Bd6 23.
Ne4 Bxe4 24. fxe4 Nf4 25. c4 Bb4 26. Re3 Ng2 27. Rd3 Nf4 28. Re3 Ng2 29. Rd3
Nf4 30. Re3 {1/2-1/2 Paehtz,E-Kosintseva,N/Athens 2001.}) 18... Rc8 19. a4 h5
20. Na5 Rb8 21. Nc4 $14 {1-0 Fontaine,R-Hautot,S/Brussels 2000 (34)}) 18. Bxc6
{A tough decision to trade the bishop. White gets a marginal passer, but can't
take quick advantages out of it. In the game Black managed to start his own
counterplay on the kingside.} (18. Rd1 Nd7 $13) 18... bxc6 19. Bd4 ({For the
moment White cannot advance his passed pawn too far:} 19. a4 Rb8 20. a5 Nd7 {
and Black stops it.}) 19... Nd5 20. Bxg7 Kxg7 21. Ne4 e5 22. Nbc5 f6 $1 {
A good plan to prepare the advance of kingside pawns. Black intends g5, Kg6
and h5.} 23. Rd1 (23. h4 $5 {prevents Black's intentions, but is double-edged:
the pawn might become weak on h4 and later Black can easier create a passed
pawn on the h-file.}) 23... g5 24. c4 Ne3 25. Rd6 Nxc4 26. Rxc6 g4 $5 ({
An easier way to get an advantage was:} 26... Nd2+ 27. Kc1 Nxf3 28. Rxf6 (28.
Nxf6 Rxa2 29. Nh5+ Kg8) 28... Bxe4 29. Nxe4 g4 {Black is better - besides Nxh2
and Rxa2, he threatens Ng5 as well.}) 27. fxg4 Nd2+ 28. Kc1 Nxe4 29. gxf5 Nxc5
30. Rxc5 Rxa2 ({As the players found out in the post-mortem, White still has
to struggle hard for a draw after} 30... Rxa2 31. b4 Rxh2 32. b5 Rh4 $1 $17)
1/2-1/2

[Event "Corus"]
[Site "Wijk aan Zee"]
[Date "2001.01.21"]
[Round "7"]
[White "Timman, Jan H"]
[Black "Fedorov, Alexei"]
[Result "0-1"]
[WhiteElo "2629"]
[BlackElo "2575"]
[Annotator "Rogozenco,D"]
[PlyCount "50"]
[EventDate "2001.01.13"]
[EventType "tourn"]
[EventRounds "13"]
[EventCountry "NED"]
[EventCategory "19"]
[SourceTitle "CBM 081"]
[Source "ChessBase"]
[SourceDate "2001.03.20"]
[SourceVersion "1"]
[SourceVersionDate "2001.03.20"]
[SourceQuality "1"]

1. e4 c5 2. Nf3 d6 3. d4 cxd4 4. Nxd4 Nf6 5. Nc3 g6 {One can only admire
Alexey's tenacity in playing his favoutites openings, no matter of his
previous results. And I must say that his results in Dragon have been a real
disaster for a while.} 6. Be3 Bg7 7. f3 Nc6 8. Qd2 O-O 9. O-O-O d5 10. Qe1 e5
11. Nxc6 bxc6 12. exd5 Nxd5 13. Bc4 Be6 14. Ne4 Qc7 15. Ng5 $2 {So finally
Caissa rewards him back.} (15. Bc5 {brings White a slight edge in the long
theoretical variations.}) 15... Nxe3 16. Nxe6 (16. Qxe3 Bxc4 $19) (16. Qh4 {
This was better of course, but still not enough to equalize...} h6 (16... Rfe8
$6) 17. Nxe6 fxe6 18. Bxe6+ Kh8 19. Rd7 Qb6 20. Qe7 Rg8 21. Bxg8 Rxg8 $17)
16... Qb6 17. Nxf8 Nxc4 {Black is winning. Is there anyone left who does not
wish to play Dragon?} (17... Nxd1 18. Qxd1 Rxf8 {Not a bad position either,
but of course much weaker than the game.  1/2-1/2 Petrik,T-Hautot,S/Rimavska
Sobota 1996 (35)}) 18. Qc3 Qa6 $1 19. Qb3 (19. Nd7 Qxa2) 19... Rxf8 {Just like
this. White can resign.} 20. Kb1 e4 21. c3 e3 22. Ka1 Nd2 23. Qc2 Re8 24. Rhe1
Re5 25. a3 Qc4 0-1

[Event "Corus"]
[Site "Wijk aan Zee"]
[Date "2001.01.26"]
[Round "11"]
[White "Adams, Michael"]
[Black "Fedorov, Alexei"]
[Result "0-1"]
[WhiteElo "2746"]
[BlackElo "2575"]
[Annotator "Rogozenco,D"]
[PlyCount "62"]
[EventDate "2001.01.13"]
[EventType "tourn"]
[EventRounds "13"]
[EventCountry "NED"]
[EventCategory "19"]
[SourceTitle "CBM 081"]
[Source "ChessBase"]
[SourceDate "2001.03.20"]
[SourceVersion "1"]
[SourceVersionDate "2001.03.20"]
[SourceQuality "1"]

{[%mdl 1]} 1. e4 c5 2. Nf3 d6 3. d4 cxd4 4. Nxd4 Nf6 5. Nc3 g6 6. Be3 Bg7 7. f3
Nc6 8. Qd2 O-O 9. O-O-O d5 10. exd5 Nxd5 11. Nxc6 bxc6 12. Nxd5 cxd5 13. Qxd5
Qc7 14. Qc5 Qb8 $1 {As I pointed out earlier, this is at least not weaker than
the popular 14. ... Qb7. Alexey swiched to 14. ... Qb8 after he suffered
painfull defeats last summer in Poland with 14. ... Qb7.} (14... Qb7 15. Qa3
Bf5 16. Bd3 {For the annotations to the given games look to CBM79.} Rab8 17. b3
Rbc8 (17... Rfc8 18. Bxf5 gxf5 19. Rd3 Qc7 20. c4 a5 21. Rhd1 Ra8 22. Rd7 Qe5
23. Bd4 Qf4+ 24. Kb1 Bf8 25. Qc1 Qxc1+ 26. Kxc1 $18 {1-0 Movsesian,S-Fedorov,A/
Polanica Zdroj 2000/CBM 79_02 (56)}) 18. Bxf5 gxf5 19. Rd3 Qc6 20. c4 Qf6 21.
Rhd1 $16 {1-0 Ivanchuk,V-Fedorov,A/Polanica Zdroj 2000/CBM 79_02 (39)}) 15. Qa3
(15. b3 Bf5 16. Bd3 Rc8 17. Qa5 Rc3 18. Bxf5 Rxe3 19. Be4 Qf4 20. Bxa8 Rxb3+ $2
(20... Rd3+ $1 {Black could have obtained excelent chances after this.}) 21.
Rd2 Rb8 22. Bd5 Bh6 23. Rhd1 $18 {1-0 Ivanchuk,V-Hodgson,J/Amsterdam 1996/ (28)
. For more comments look CBM 55, although it has many annotators and there is
a real mess in the comments. Unfortunately in Mega 2001 I found my comments to
the above mentioned game mixed up with a lot of other annotations (impossible
to understand who says what), and even several variation I gave were just
missed.}) 15... Be6 16. Ba6 Qe5 {The main difference to 14. ... Qb7, is that
here Black nas access to e5-square. Not easy to say if Black has enough
compensation for the pawn, only the future practice will give an answer.
However in this game Fedorov's strategy was victorious.} 17. g3 (17. Bd4 Qg5+
18. Qe3 Qxg2) 17... Rad8 18. Bf4 (18. Bc5 $5 Bxa2 19. Bxe7 $4 (19. f4 Bh6 20.
Rhe1) 19... Bh6+ {0-1 Neels,I-Hautot,S/Vielsalm 1997}) (18. Bxa7 $6 Ra8 $5 19.
Bd4 Qc7 20. Bxg7 Kxg7 21. Rd4 (21. b4 $6 Qe5 $40) 21... Rfc8 $44) 18... Qf6 19.
Rhe1 Bf5 20. Rxd8 Rxd8 21. c3 $2 {In my opinion the crucial moment.} (21. Bc4
$142 Rc8 22. Bb3) 21... Qb6 $1 {[%cal Gb6f2] Now Black has an extremely strong
initiative, probably the position is winning already.} 22. Be3 Bh6 $1 $17 {
[%mdl 64] /-+. Very nice. The Queen penetrates in White's position and there
is no way to defend against mating threats without losing much material.} 23.
f4 (23. Bxh6 $2 Qf2 $19) 23... Qc6 24. Bd2 (24. Qxe7 Re8 25. Qxa7 Qe4 26. Re2
Qb1+ (26... Rd8 27. Bd4 Qb1+ 28. Kd2 Qxb2+ 29. Ke3 Qc1+ 30. Kf2 Qh1 $13) 27.
Kd2 Bc2 $1 $19) 24... Qd5 (24... Rd6 {wins even quicker. Similar idea to the
game, but now White cannot preven the Queen from coming to the b1-h7 diagonal.}
25. Bf1 Qd5 26. Re2 (26. Rd1 Qe4 $19) 26... Qd3 {That's the difference to the
game - d3-square is not controlled by the Bishop.}) 25. Re2 e5 26. Qa4 exf4 27.
gxf4 $2 (27. Re8+ {was necessary. Probably Adams missed next tactical blow.}
Rxe8 (27... Kg7 $2 28. Rxd8 Qxd8 29. Bxf4) 28. Qxe8+ {and after either 28. ...
Kg7 or even 28. ... Bf8 Black is better, but unlike in the game White has some
possibilities to defend.}) 27... Bxf4 $1 {wins on the spot.} 28. Re8+ (28. Bxf4
Qh1+) 28... Kg7 29. Qxf4 Rxe8 {The attack continues with material advantage.}
30. Bc4 Qh1+ 31. Bf1 Kg8 0-1

[Event "EU-Cup 22nd"]
[Site "Fuegen"]
[Date "2006.10.09"]
[Round "2.4"]
[White "Hamdouchi, Hicham"]
[Black "Berndt, Stephan"]
[Result "1-0"]
[WhiteElo "2582"]
[BlackElo "2445"]
[Annotator "Rogozenco,D"]
[PlyCount "81"]
[EventDate "2006.10.08"]
[EventType "team-swiss"]
[EventRounds "7"]
[EventCountry "AUT"]
[SourceTitle "CBM 115"]
[Source "ChessBase"]
[SourceDate "2006.11.15"]
[SourceVersion "1"]
[SourceVersionDate "2006.11.15"]
[SourceQuality "1"]
[WhiteTeam "Taldea Gros Xake"]
[BlackTeam "Berlin SF"]
[WhiteTeamCountry "ESP"]
[BlackTeamCountry "GER"]

1. e4 c5 2. Nf3 d6 3. d4 cxd4 4. Nxd4 Nf6 5. Nc3 g6 6. Be3 Bg7 7. f3 O-O 8. Qd2
Nc6 9. O-O-O d5 10. exd5 Nxd5 11. Nxc6 bxc6 12. Bd4 Nxc3 13. Qxc3 Bh6+ 14. Be3
Bxe3+ 15. Qxe3 Qb6 {This represents the simplest way for Black to meet the 9.
0-0-0 system without much preparation. The most White can achieve here is a
slight edge, while Black does not have any ambitious plans and usually just
wants to make a draw.} 16. Qxe7 Be6 17. Qa3 Rad8 18. Bd3 Rd5 19. Qc3 (19. Rhe1
Ra5 20. Qc3 Rxa2 21. b3 Ra5 $14 {/=}) 19... Rc5 {Both sides made the best
moves according to the existing theory of the variation 12...Nxc3. The verdict
is that Black should be able to hold the position without many difficulties.}
20. Qd4 $5 {A very rare continuation, which leads almost by force to a
slightly better endgame for White.} ({Stephan had already played the position:
} 20. Qf6 Bxa2 21. Rhe1 Bd5 (21... Qa5 $11 {might be more precise}) 22. h4 Ra5
23. b3 $14 {/=, 1/2-1/2 Pelletier,Y (2479)-Berndt,S (2500)/Germany 1999 (39)})
20... Bxa2 21. b4 Rh5 $146 (21... Rd5 $4 22. Qxb6 axb6 23. Kb2 $18 {1-0 Alonso,
R-Benyovszki,P/IECG email 2002 (25)}) (21... Rg5 $5) 22. Qxb6 axb6 23. Be4 (23.
h4 Re5 24. c4 Rd8 $11) (23. c4 b5 24. c5 Ra8 $11) 23... Bd5 (23... c5 24. b5
$14 {[%csl Rb6]}) 24. Bxd5 cxd5 25. Rd4 {The endgame is of course a draw, but
some accuracy is required from Black.} Re8 (25... Rc8 26. h4 Rc4 $14 {/=}) 26.
h4 Re2 {Black goes for a dangerous position, where opponent's passed pawns
will be stronger.} (26... b5 $6 27. g4 Rhe5 28. Rhd1 Rd8 $140 29. f4 $16) ({
Good enough is} 26... Kg7 27. g4 Rhe5 28. Rhd1 h5 $1 {with sufficient
counterplay. For instance:} 29. Rxd5 (29. gxh5 Rxh5 $11) (29. g5 Re3 30. Rxd5 (
30. R1d3 Rxd3 31. Rxd3 Re5 32. Rd4 Rf5 33. f4 Kf8 $11) 30... Rxf3 31. Rd6 Re4
32. Rxb6 Rxh4 {and with such active rooks and the passed h-pawn Black is
hardly worse.}) 29... Rxd5 30. Rxd5 hxg4 31. fxg4 Re4 32. Rb5 Rxg4 33. Rxb6
Rxh4 34. b5 g5 {This should be a draw. Comparing to the game Black is about
two tempos up here.}) 27. g4 Rhe5 28. Rhd1 Rf2 ({With four rooks it is easier
to fight against opponent's passed pawns. Therefore better is} 28... R5e3 29.
Rxd5 (29. R1d3 Rxd3 30. Rxd3 Re5 31. g5 (31. Rd4 f5 32. Kd2 Kf7 $11) 31... f6
$11) 29... Rxf3 30. Rd6 Rf4 31. Rxb6 Rxg4 $14) 29. Rxd5 Rxd5 30. Rxd5 Rxf3 31.
Rd6 Rf4 32. Rxb6 Rxg4 33. Rb8+ Kg7 34. b5 Rxh4 $2 ({There are still has
chances to escape after} 34... Kf6 {For instance:} 35. Rc8 (35. b6 Ke7 36. b7 (
36. Rb7+ Kd6 37. Rxf7 Rxh4 38. c3 Rh5 39. c4 Rc5 $11) (36. Rc8 Rb4 37. Rc7+ Kd6
38. Rxf7 Rxh4 $11) 36... Rb4 37. c3 Rb6 $11) 35... Ke6 36. c4 Kd7 37. Rc5 Kd6
38. Rc6+ Kd7 39. Kd2 Rxh4 {For instance:} 40. Kc3 Rh1 {followed by the advance
of the h-pawn.}) 35. b6 $18 Rb4 (35... Kf6 36. b7 Rb4 37. c3 Rb6 38. c4 $18)
36. c3 Rb5 37. b7 h5 38. c4 Rb4 39. c5 h4 40. c6 h3 41. Rd8 1-0

[Event "RUS-ch qual 57th"]
[Site "St Petersburg"]
[Date "2004.05.23"]
[Round "3"]
[White "Kurnosov, Igor"]
[Black "Solovjov, Sergey"]
[Result "1/2-1/2"]
[WhiteElo "2543"]
[BlackElo "2458"]
[Annotator "Rogozenco,D"]
[PlyCount "85"]
[EventDate "2004.05.21"]
[EventType "swiss"]
[EventRounds "9"]
[EventCountry "RUS"]
[SourceTitle "CBM 102"]
[Source "ChessBase"]
[SourceDate "2004.09.23"]
[SourceVersion "1"]
[SourceVersionDate "2004.09.23"]
[SourceQuality "1"]

1. e4 c5 2. Nf3 d6 3. d4 cxd4 4. Nxd4 Nf6 5. Nc3 g6 6. Be3 Bg7 7. f3 O-O 8. Qd2
Nc6 9. O-O-O d5 10. exd5 Nxd5 11. Nxc6 bxc6 12. Bd4 Nxc3 {One of the best
possibilities for Black to fight for equality in the system 9.0-0-0. It gained
popularity thanks to B.Alterman.} (12... Bxd4 13. Qxd4 Qc7 14. Qc5 Nxc3 (14...
Qf4+ $142 15. Kb1 Bf5 $13) 15. Qxc3 $11 {/+/= Comparing to the position from
the game (see it after move 16), here the queen is more passive on c7 instead
of b6.}) 13. Qxc3 Bh6+ 14. Be3 Bxe3+ 15. Qxe3 Qb6 16. Qc3 (16. Qxe7 {is more
critical. Then after} Be6 17. Qa3 $1 {White retains slightly better chances.})
16... Be6 17. h4 (17. a3 Rfd8 18. Rxd8+ Rxd8 19. Bd3 Qe3+ $11 {1/2-1/2 Jepson,
C-Jirovsky,P/Aalborg 1991 (25)}) (17. Bc4 $11) 17... Rfd8 18. Bd3 Qe3+ (18...
Rab8 19. h5 Qe3+ 20. Kb1 Qd4 21. Qxd4 Rxd4 22. Be4 Rdb4 23. b3 c5 24. Rhe1 c4
25. Bd5 cxb3 26. axb3 Bxd5 27. Rxd5 e6 28. Ra5 $14 {1-0 Almagro Llanas,
P-Sanchez Saez,F/Oropesa del Mar 2001 (36)}) (18... Qd4 19. Qxd4 Rxd4 20. Be4
Rxd1+ 21. Rxd1 $14 {1-0 Haoyuan,W-Garcia,J/Bogota 2003 (48)}) 19. Kb1 c5 $1 (
19... Qd4 20. Qxd4 Rxd4 21. Be4 $14) 20. h5 Qd4 21. hxg6 hxg6 22. Qe1 (22. Qxd4
$11) 22... a5 23. Be2 (23. Be4 Qxd1+ 24. Qxd1 Rxd1+ 25. Rxd1 Rb8 26. Rd3 Kg7
27. Ra3 (27. g4 f5) 27... f5 28. Bd3 Ra8 29. Rc3 Rc8 $11) 23... Qe5 24. Qh4
Rdb8 25. Qh7+ Kf8 26. Qh8+ (26. Bb5 Qg7 27. a4 Qxh7 28. Rxh7 Kg8 29. Rdh1 Rd8
30. Kc1 $14 {/=}) 26... Qxh8 27. Rxh8+ Kg7 28. Rxb8 Rxb8 $11 {The endgame is
equal. Black pawns a5 and c5 can be attacked only by white rook and Black will
easily protect them with the rook as well. Meanwhile Black will create
counterplay by pushing his own pawn majority.} 29. Kc1 (29. Rh1 g5 30. a3 f5
31. Kc1 Bf7 32. Bd3 Kf6 $11 {[%cal Ge7e5]} 33. Rh6+ Bg6) 29... Rh8 30. Kd2 g5
31. Ke3 f5 32. Rd3 Kf6 33. Ra3 Rb8 34. Rxa5 (34. b3 Ra8 35. Ra4 Bd7 36. Rc4 Rc8
{[%csl Rc4]}) 34... Rxb2 35. Rxc5 Rxa2 36. g3 Ra4 37. f4 gxf4+ 38. gxf4 Re4+
39. Kf3 Bf7 40. Bd3 Bh5+ 41. Kg3 Re3+ 42. Kg2 Bg4 43. Rc6+ 1/2-1/2